Lakes by City - Statistics

General Stats
  • This quiz has been taken 54 times
  • The average score is 8 of 14
Answer Stats
Cities Lake % Correct
Duluth, Thunder Bay, Sault Ste. Marie Lake Superior
98%
Cleveland, Buffalo, Toledo Lake Erie
96%
Baku, Makhachkala, Rasht Caspian Sea
91%
Chicago, Milwaukee, Gary Lake Michigan
91%
Toronto, Rochester, Hamilton Lake Ontario
91%
Kampala, Mwanza, Kisumu Lake Victoria
91%
Salt Lake City, Ogden, Layton Great Salt Lake
74%
Bujumbura, Kigoma, Mpulungu Lake Tanganyika
68%
Van, Tatvan, Edremit Lake Van
40%
New Orleans, Slidell, Mandeville Lake Pontchartrain
30%
Bukavu, Goma, Gisenyi Lake Kivu
21%
Amsterdam, Lelystad, Hoorn Markermeer
9%
Stockholm, Uppsala, Västerås Mälaren
4%
Nanchang, Yugan, Jinxian Poyang Lake
0%
No matching quizzes found
Score Distribution
Percent of People with Each Score
Percentile by Number Answered
Your Score History
You have not taken this quiz